La scienza della legislazione. (Record no. 154085)
[ view plain ]
| 000 -LEADER | |
|---|---|
| campo de control de longitud fija | 00944nam a22002415i 4500 |
| 001 - NÚMERO DE CONTROL | |
| campo de control | 154085 |
| 003 - IDENTIFICADOR DE NÚMERO DE CONTROL | |
| campo de control | ES-MaACL |
| 005 - FECHA Y HORA DE LA ÚLTIMA TRANSACCIÓN | |
| campo de control | 20250714063112.0 |
| 008 - DATOS DE LONGITUD FIJA--INFORMACIÓN GENERAL | |
| campo de control de longitud fija | 050727s1798 it | |||||||| ||ita d |
| 040 ## - FUENTE DE CATALOGACIÓN | |
| Centro catalogador/agencia de origen | CAM |
| Lengua de catalogación | spa |
| Centro/agencia transcriptor | CAM |
| 100 1# - ENTRADA PRINCIPAL--NOMBRE DE PERSONA | |
| Nombre de persona | Filangieri, Gaetano, |
| Fechas asociadas al nombre | 1752-1788 |
| Término indicativo de función/relación | Autor |
| 9 (RLIN) | 50821 |
| 245 13 - MENCIÓN DEL TÍTULO | |
| Título | La scienza della legislazione. |
| Resto del título | Tomo II / |
| Mención de responsabilidad, etc. | del cittadino Gaetano Filangieri |
| 260 ## - PUBLICACIÓN, DISTRIBUCIÓN, ETC. | |
| Lugar de publicación, distribución, etc. | In Genova : |
| Nombre del editor, distribuidor, etc. | Presso Ivone Gravier Librajo, |
| Fecha de publicación, distribución, etc. | 1798. |
| 300 ## - DESCRIPCIÓN FÍSICA | |
| Extensión | 279 páginas ; |
| Dimensiones | 8º. |
| 530 ## - NOTA DISPONIBLE DE FORMULARIO FÍSICO ADICIONAL | |
| Nota de formato físico adicional disponible | Disponible en formato digital |
| 597 ## - NOTA DE DESCRIPCIÓN FÍSICA | |
| NOTA DE DESCRIPCIÓN FÍSICA | Sign.: a-q8, r12. |
| 650 #4 - PUNTO DE ACCESO ADICIONAL DE MATERIA--TÉRMINO DE MATERIA | |
| Término de materia o nombre geográfico como elemento de entrada | Legislación. |
| 9 (RLIN) | 136347 |
| 852 ## - LOCALIZACIÓN | |
| Ubicación | ES-MaACL |
| Ubicación en estantería | Depósito |
| Signatura antigua | Olim: D-2674-79 |
| Marcas de propiedad | Ex-libris de Manuel González Salmón |
| Donativo/Legado | Donativo Roda |
| Número de control de estantería | R-444-49 |
| Encuadernación | Pasta |
| 857 ## - LOCALIZACIÓN Y ACCESO ELECTRÓNICOS_2 | |
| Identificador Uniforme de Recursos | <a href="https://archive.org/details/bub_gb_go9pj9KgiXcC/page/n3/mode/2up">https://archive.org/details/bub_gb_go9pj9KgiXcC/page/n3/mode/2up</a> |
| Texto de enlace | Versión en línea |
| Nota pública | (Internet Archive) |
| 942 ## - ELEMENTOS DE ENTRADA SECUNDARIOS (KOHA) | |
| Fuente del sistema de clasificación o colocación | Clasificación decimal universal |
| Tipo de ítem Koha | Libro impreso antiguo |
| Suprimir en OPAC | No |
| Estatus retirado | Estado de pérdida | Fuente del sistema de clasificación o colocación | Estado de daño | No para préstamo | Colección | Biblioteca de origen | Biblioteca actual | Ubicación en estantería | Fecha de adquisición | Fuente de adquisición | Total de préstamos | Signatura topográfica completa | Código de barras | Visto por última vez | Tipo de ítem Koha |
|---|---|---|---|---|---|---|---|---|---|---|---|---|---|---|---|
| Clasificación decimal universal | Libros del s. XVIII | Biblioteca del Ateneo de Madrid | Biblioteca del Ateneo de Madrid | Depósito | 17/01/2008 | Donación | R-444-49 | 1161117 | 23/02/2023 | Libro impreso antiguo |
